00310nam a2200133Ia 45000030006000000080041000060400015000471000018000622450032000802600031001123000006001435460010001490050017001590STCL150530s9999 xx 000 0 und d aSTCLcSTCL aSuresh Sharma aRaghuvir Sahay ka Kavikarma bPeople; Delhic1981aDelhi a0 aHindi20220125171256.0